000 00309nam a2200121Ia 4500
008 191201s2019 xx 000 0 und d
100 _aSINGH, B P
245 0 _aSemi Conductor Devices and Circuits
260 _aN.Delhi
_bDhanpat Rai Pub (P) Ltd
300 _a23-43
650 _aB.Tech(ECE)
942 _2ddc
_cBK
999 _c1073
_d1073